000 01154pab a2200217 454500
008 180718b2004 xxu||||| |||| 00| 0 eng d
100 _aRao, P.S.N.
245 _aPublic financial management accountability for good governance in urban local bodies
260 _c2004
300 _ap.818-828.
362 _aJul-Sep
520 _aUrban local bodies (ULBs) are the nerve centres of urban development. There are over 4000 ULBs in India and several thousands of crores of rupees are involved in their operations. They are also one of the oldest institutions in the country incharge of governance at the lowest level in our urban areas. Proper management of their finances is of utmost importance not of the sheer size of each of the ULBs but also of their `public nature'. Further, bad financial management in the ULBs is visibly reflected in the state of our towns and cities. - Reproduced.
650 _aPublic administration
650 _aGood governance
650 _aAccountability
650 _aFinancial administration
650 _aLocal government
773 _aIndian Journal of Public Administration
908 _aN
909 _a63087
999 _c63087
_d63087